[Event "HUN-chT2 Szechenyi 2324"]
[Site "Hungary"]
[Date "2024.04.21"]
[Round "8.1"]
[White "Pinterne, Kovacs Marta"]
[Black "Szegi, Tamas"]
[Result "0-1"]
[WhiteElo "2065"]
[BlackElo "2133"]
[PlyCount "64"]
[EventDate "2023.10.08"]
[EventType "team-tourn"]
[EventRounds "9"]
[EventCountry "HUN"]
[SourceTitle "EXT 2025"]
[Source "ChessBase"]
[SourceDate "2024.10.14"]
[SourceVersion "1"]
[SourceVersionDate "2024.10.14"]
[SourceQuality "1"]
[WhiteTeam "Keszthely Spartacus"]
[BlackTeam "Kisber Aszar"]
[WhiteTeamCountry "HUN"]
[BlackTeamCountry "HUN"]

1. d4 Nf6 2. Bg5 c5 3. d5 Qb6 4. Bxf6 gxf6 5. Qc1 d6 6. Nc3 f5 7. e3 Bg7 8. Nge2 Nd7 9. a3 Nf6 10. Rb1 e6 11. dxe6 fxe6 12. Nf4 0-0 13. Be2 d5 14. 0-0 d4 15. Nd1 e5 16. Bc4+ Kh8 17. Nd5 Qe6 18. Nxf6 Qxc4 19. Nh5 Bh6 20. f4 Bd7 21. b3 Qf7 22. exd4 Qxh5 23. dxe5 Be6 24. c4 Rad8 25. Qe3 Rd4 26. Nc3 a6 27. Na4 Re4 28. Qxc5 Re2 29. Qb6 Rg8 30. Rf2 Bxf4 31. Rxf4 Rexg2+ 32. Kf1 Qe2# 0-1

[Event "HUN-chT2 Szechenyi 2324"]
[Site "Hungary"]
[Date "2023.12.10"]
[Round "3.1"]
[White "Kolimar, Kristof Pal"]
[Black "Pinterne, Kovacs Marta"]
[Result "1-0"]
[WhiteElo "2298"]
[BlackElo "2075"]
[PlyCount "113"]
[EventDate "2023.10.08"]
[EventType "team-tourn"]
[EventRounds "9"]
[EventCountry "HUN"]
[SourceTitle "EXT 2025"]
[Source "ChessBase"]
[SourceDate "2024.10.14"]
[SourceVersion "1"]
[SourceVersionDate "2024.10.14"]
[SourceQuality "1"]
[WhiteTeam "Ajka ASSE"]
[BlackTeam "Keszthely Spartacus"]
[WhiteTeamCountry "HUN"]
[BlackTeamCountry "HUN"]

1. d4 d5 2. c4 e6 3. Nc3 f5 4. Nf3 Nf6 5. Bf4 Bd6 6. e3 Bxf4 7. exf4 dxc4 8. Bxc4 Nd5 9. Bxd5 exd5 10. Ne5 0-0 11. Qb3 c6 12. 0-0-0 Qd6 13. Rhe1 b6 14. Re3 Nd7 15. Qa4 b5 16. Qc2 Nb6 17. Ne2 Nc4 18. Rc3 Bd7 19. b3 Na3 20. Qd3 b4 21. Rc5 Nb5 22. Kd2 a5 23. Rdc1 Ra6 24. Ke1 Rf6 25. f3 Be8 26. Kf2 Qe7 27. Ng3 g6 28. Qd2 Re6 29. Kg1 Nc3 30. a4 h5 31. Ne2 Nxe2+ 32. Qxe2 Ra7 33. Qd2 Qf6 34. Re1 h4 35. Qf2 g5 36. Qe3 Rg7 37. fxg5 Rxg5 38. Ng4 fxg4 39. Qxe6+ Qxe6 40. Rxe6 Bf7 41. Re5 Rg6 42. f4 Rf6 43. g3 Bg6 44. Rxa5 Bc2 45. Ra8+ Kf7 46. Rb8 hxg3 47. hxg3 Bxb3 48. Rxb4 Bd1 49. Rb7+ Kg6 50. a5 c5 51. dxc5 Bf3 52. Rb6 d4 53. Ree6 Rxe6 54. Rxe6+ Kf5 55. Rd6 Ke4 56. c6 Ke3 57. c7 1-0

[Event "HUN-chT2 Szechenyi 2223"]
[Site "Hungary"]
[Date "2022.11.20"]
[Round "1.1"]
[White "Pinterne, Kovacs Marta"]
[Black "Gyurkovics, Bence"]
[Result "0-1"]
[WhiteElo "2081"]
[BlackElo "2253"]
[PlyCount "60"]
[EventDate "2022.11.20"]
[EventType "team-tourn"]
[EventRounds "9"]
[EventCountry "HUN"]
[SourceTitle "EXT 2025"]
[Source "ChessBase"]
[SourceDate "2024.10.14"]
[SourceVersion "1"]
[SourceVersionDate "2024.10.14"]
[SourceQuality "1"]
[WhiteTeam "Spartacus Sportkor"]
[BlackTeam "Szechenyi ESE"]
[WhiteTeamCountry "HUN"]
[BlackTeamCountry "HUN"]

1. d4 c5 2. d5 Nf6 3. c4 e6 4. Nc3 exd5 5. cxd5 d6 6. e4 g6 7. Nge2 Bg7 8. Ng3 0-0 9. Be2 Re8 10. Bf4 a6 11. a4 h5 12. h4 Ng4 13. Bxg4 Bxg4 14. f3 Bc8 15. a5 b5 16. axb6 Qxb6 17. Na4 Qc7 18. Rc1 Nd7 19. b4 c4 20. Qc2 Ne5 21. Nb2 Bd7 22. Ne2 Rec8 23. Bxe5 Bxe5 24. Nxc4 Bb5 25. f4 Bg7 26. Na3 Qb7 27. Qd2 Rxc1+ 28. Nxc1 Rc8 29. Rh3 Qb6 30. Rh1 Bc3 0-1

[Event "HUN-chT2 Szechenyi 2122"]
[Site "Hungary"]
[Date "2022.02.13"]
[Round "6.1"]
[White "Gyurkovics, Bence"]
[Black "Pinterne, Kovacs Marta"]
[Result "0-1"]
[WhiteElo "2275"]
[BlackElo "2078"]
[PlyCount "96"]
[EventDate "2021.10.10"]
[EventType "team-tourn"]
[EventRounds "9"]
[EventCountry "HUN"]
[SourceTitle "EXT 2025"]
[Source "ChessBase"]
[SourceDate "2024.10.14"]
[SourceVersion "1"]
[SourceVersionDate "2024.10.14"]
[SourceQuality "1"]
[WhiteTeam "Szechenyi ESE"]
[BlackTeam "Spartacus Sportkor"]
[WhiteTeamCountry "HUN"]
[BlackTeamCountry "HUN"]

1. d4 d5 2. c4 e6 3. Nc3 f5 4. Nf3 Nf6 5. Bf4 c6 6. e3 Be7 7. h3 Ne4 8. Qc2 0-0 9. Bd3 Kh8 10. g4 Nxc3 11. bxc3 dxc4 12. Bxc4 Bd6 13. Ne5 Qe7 14. gxf5 Bxe5 15. Bxe5 Nd7 16. Bf4 exf5 17. Rg1 b5 18. Bd3 g6 19. h4 Qxh4 20. Bg5 Qh2 21. 0-0-0 Qd6 22. f3 Qa3+ 23. Kb1 c5 24. Rh1 Rf7 25. e4 c4 26. Be2 Nb6 27. Bf4 Na4 28. Be5+ Kg8 29. d5 Bd7 30. Rdg1 Rg7 31. Qd2 f4 32. Rh6 b4 33. Bxc4 Rc8 34. d6+ Rxc4 35. Qd5+ Rf7 36. Rgxg6+ Kf8 37. Bg7+ Ke8 38. Qe5+ Kd8 39. Bf6+ Kc8 40. Rg8+ Kb7 41. Qd5+ Rc6 42. Qb5+ Nb6 43. Qxb4 Qxb4+ 44. cxb4 Rxd6 45. e5 Bf5+ 46. Kb2 Rd2+ 47. Kc3 Rd3+ 48. Kb2 Na4+ 0-1

[Event "HUN-chT2 Szechenyi 1819"]
[Site "Hungary"]
[Date "2019.02.10"]
[Round "5.1"]
[White "Szabo, Laszlo3"]
[Black "Pinterne, Kovacs Marta"]
[Result "1/2-1/2"]
[WhiteElo "1997"]
[BlackElo "2096"]
[PlyCount "27"]
[EventDate "2018.10.28"]
[EventType "team-tourn"]
[EventRounds "9"]
[EventCountry "HUN"]
[SourceTitle "EXT 2021"]
[Source "ChessBase"]
[SourceDate "2020.10.23"]
[SourceVersion "1"]
[SourceVersionDate "2020.10.23"]
[SourceQuality "1"]
[WhiteTeam "Gyor Szechenyi II"]
[BlackTeam "Keszthely Spartacus"]
[WhiteTeamCountry "HUN"]
[BlackTeamCountry "HUN"]

1. e4 g6 2. d4 Bg7 3. c4 d6 4. Nc3 Nd7 5. Nf3 Nh6 6. h3 e5 7. Bg5 f6 8. Be3 Nf7 9. Be2 0-0 10. 0-0 Re8 11. dxe5 dxe5 12. Nh2 c6 13. Qc2 Qe7 14. Rfd1 1/2-1/2

[Event "HUN-chT2 Szechenyi 1415"]
[Site "Hungary"]
[Date "2014.12.14"]
[Round "6.1"]
[White "Pinterne, Kovacs Marta"]
[Black "Trbojevic, Mladen"]
[Result "0-1"]
[WhiteElo "2123"]
[BlackElo "2365"]
[PlyCount "108"]
[EventDate "2014.09.07"]
[EventType "team-tourn"]
[EventRounds "11"]
[EventCountry "HUN"]
[SourceTitle "EXT 2016"]
[Source "ChessBase"]
[SourceDate "2015.10.08"]
[SourceVersion "1"]
[SourceVersionDate "2015.10.08"]
[SourceQuality "1"]
[WhiteTeam "Keszthely"]
[BlackTeam "HVSE Infraplan"]
[WhiteTeamCountry "HUN"]
[BlackTeamCountry "HUN"]

1. d4 Nf6 2. e3 e6 3. Bd3 c5 4. c3 d5 5. f4 Be7 6. Nf3 b6 7. 0-0 0-0 8. Nbd2 Bb7 9. Qc2 Nc6 10. Ne5 Rc8 11. Qd1 Bd6 12. b3 Ne7 13. Bb2 Ne4 14. Rc1 Nf5 15. Qe1 f6 16. Ng4 Qe7 17. Nf2 cxd4 18. exd4 Nxd2 19. Qxd2 Qc7 20. Nh3 Qd7 21. Rce1 Rfe8 22. a4 Bf8 23. Bb5 Bc6 24. Ba6 Rcd8 25. Nf2 Nd6 26. Re3 g6 27. Qe2 Nf5 28. Rh3 Bg7 29. g4 Nd6 30. Re3 Bf8 31. Bd3 Bh6 32. Nh3 f5 33. g5 Bg7 34. Nf2 Ne4 35. h4 Bf8 36. Ba6 Bd6 37. Nd3 Qc7 38. Rh3 Re7 39. Kg2 Bb7 40. Bxb7 Qxb7 41. h5 gxh5 42. Nf2 Rf8 43. Qe3 e5 44. fxe5 f4 45. Qc1 Bxe5 46. dxe5 Nxg5 47. Rxh5 d4+ 48. Kh2 Nf3+ 49. Kh3 Qd7+ 50. Ng4 Rg7 51. Rg1 Nxg1+ 52. Qxg1 f3 53. Qxd4 f2 54. Qxd7 f1Q+ 0-1

[Event "HUN-chT2 Szechenyi 1415"]
[Site "Hungary"]
[Date "2014.09.21"]
[Round "2.1"]
[White "Pinterne, Kovacs Marta"]
[Black "Fendrik, Lajos"]
[Result "0-1"]
[WhiteElo "2123"]
[BlackElo "2164"]
[PlyCount "86"]
[EventDate "2014.09.07"]
[EventType "team-tourn"]
[EventRounds "11"]
[EventCountry "HUN"]
[SourceTitle "EXT 2016"]
[Source "ChessBase"]
[SourceDate "2015.10.08"]
[SourceVersion "1"]
[SourceVersionDate "2015.10.08"]
[SourceQuality "1"]
[WhiteTeam "Keszthely"]
[BlackTeam "Zala Volan"]
[WhiteTeamCountry "HUN"]
[BlackTeamCountry "HUN"]

1. d4 f5 2. Bg5 h6 3. Bf4 Nf6 4. h4 g6 5. c4 Bg7 6. Nc3 d6 7. Qd2 Nh5 8. Nh3 Nc6 9. d5 Ne5 10. e3 e6 11. Be2 Qxh4 12. 0-0-0 Qe7 13. Bxh5 gxh5 14. Qe2 Ng4 15. dxe6 Bxc3 16. bxc3 Bxe6 17. Ng1 0-0-0 18. Nf3 Qf7 19. Rd4 c5 20. Rxd6 Rxd6 21. Bxd6 Bxc4 22. Qb2 b6 23. a3 Rd8 24. Bg3 Qd5 25. Qd2 Qc6 26. Qc2 Bd3 27. Qb3 Be4 28. Nh4 Kb7 29. f3 f4 30. exf4 Rd3 31. fxe4 Rxg3 32. e5 Nf2 33. Rf1 c4 34. Qc2 Nd3+ 35. Kb1 Rg4 36. Rh1 Rxf4 37. Nf3 Rg4 38. Rxh5 Qg6 39. Rh2 Re4 40. Rh1 h5 41. Ka1 Qf5 42. e6 Qxe6 43. Rxh5 Qe7 0-1

[Event "HUN-chT2 Szechenyi 1314"]
[Site "Hungary"]
[Date "2014.04.13"]
[Round "10.1"]
[White "Boronyak, Arpad"]
[Black "Pinterne, Kovacs Marta"]
[Result "1-0"]
[WhiteElo "2224"]
[BlackElo "2133"]
[PlyCount "79"]
[EventDate "2013.09.08"]
[EventType "team-tourn"]
[EventRounds "11"]
[EventCountry "HUN"]
[SourceTitle "EXT 2016"]
[Source "ChessBase"]
[SourceDate "2015.10.08"]
[SourceVersion "1"]
[SourceVersionDate "2015.10.08"]
[SourceQuality "1"]
[WhiteTeam "Baki Agrocentrum"]
[BlackTeam "Keszthely Spartacus"]
[WhiteTeamCountry "HUN"]
[BlackTeamCountry "HUN"]

1. e4 c5 2. Nc3 d6 3. f4 Nc6 4. Nf3 g6 5. Bc4 Bg7 6. 0-0 e6 7. d3 Nge7 8. Qe1 Nd4 9. Nxd4 cxd4 10. Ne2 Bd7 11. Bb3 Nc6 12. Bd2 h5 13. f5 gxf5 14. exf5 e5 15. f6 Bh6 16. Bxh6 Rxh6 17. Nf4 h4 18. Qe4 Kf8 19. Qd5 Be8 20. Ne6+ fxe6 21. Qxe6 Rg6 22. Qf5 Bf7 23. Rf2 d5 24. Kh1 Qc8 25. Qh5 Qg4 26. Qh8+ Rg8 27. Qh6+ Ke8 28. Raf1 Rd8 29. c3 dxc3 30. bxc3 Qg5 31. Qh7 Rd6 32. c4 dxc4 33. Bxc4 Qg6 34. Bxf7+ Qxf7 35. Qxg8+ Qxg8 36. f7+ Qxf7 37. Rxf7 Rxd3 38. Rxb7 e4 39. Re1 e3 40. Rb3 1-0

[Event "HUN-chT2 Charousek 1213"]
[Site "Hungary"]
[Date "2012.11.18"]
[Round "4"]
[White "Pinterne, Kovacs Marta"]
[Black "Szabo, Lorinc"]
[Result "1-0"]
[WhiteElo "2136"]
[BlackElo "1981"]
[PlyCount "89"]
[EventDate "2012.09.16"]
[EventType "team-tourn"]
[EventRounds "11"]
[EventCountry "HUN"]
[SourceTitle "EXT 2014"]
[Source "ChessBase"]
[SourceDate "2013.11.20"]
[SourceVersion "1"]
[SourceVersionDate "2013.11.20"]
[SourceQuality "1"]
[WhiteTeam "Alsoszolnok"]
[BlackTeam "Fehervar"]
[WhiteTeamCountry "HUN"]
[BlackTeamCountry "HUN"]

1. d4 Nf6 2. Nf3 g6 3. Bf4 Bg7 4. e3 d5 5. h3 0-0 6. Be2 b6 7. Ne5 Bb7 8. Nd2 c5 9. 0-0 Nc6 10. c3 Nd7 11. Nxd7 Qxd7 12. dxc5 e5 13. Bg5 bxc5 14. Ne4 Qf5 15. g4 Qc8 16. Nxc5 h6 17. Bh4 g5 18. Bg3 Ne7 19. Nxb7 Qxb7 20. Qb3 Qd7 21. Rad1 Rab8 22. Qc2 Qe6 23. c4 Rbc8 24. b3 f5 25. f3 h5 26. Qd2 hxg4 27. hxg4 f4 28. exf4 exf4 29. Bf2 d4 30. Kg2 Rcd8 31. Bd3 Kf7 32. Rde1 Qf6 33. Rh1 Rh8 34. Qa5 Rd7 35. Rxh8 Bxh8 36. Rh1 Bg7 37. Qb5 Rc7 38. Rh5 Bh6 39. Qb8 Rd7 40. Qa8 Qg7 41. Qe4 Rd6 42. c5 Rd8 43. c6 Qf6 44. c7 Rc8 45. Bxd4 1-0

[Event "HUN-chT2 Charousek 1213"]
[Site "Hungary"]
[Date "2012.09.16"]
[Round "1"]
[White "Pinterne, Kovacs Marta"]
[Black "Dibusz, Ferenc"]
[Result "1/2-1/2"]
[WhiteElo "2136"]
[BlackElo "2221"]
[PlyCount "20"]
[EventDate "2012.09.16"]
[EventType "team-tourn"]
[EventRounds "11"]
[EventCountry "HUN"]
[SourceTitle "EXT 2014"]
[Source "ChessBase"]
[SourceDate "2013.11.20"]
[SourceVersion "1"]
[SourceVersionDate "2013.11.20"]
[SourceQuality "1"]
[WhiteTeam "Alsoszolnok"]
[BlackTeam "Geniusz Tata"]
[WhiteTeamCountry "HUN"]
[BlackTeamCountry "HUN"]

1. d4 d5 2. e3 Nf6 3. Bd3 c5 4. c3 e6 5. f4 Nc6 6. Nd2 Bd6 7. Qf3 0-0 8. Ne2 e5 9. dxe5 Bxe5 10. h3 Bb8 1/2-1/2

[Event "HUN-chT2 Szechenyi 1011"]
[Site "Hungary"]
[Date "2010.11.21"]
[Round "6.3"]
[White "Takacs, Balazs"]
[Black "Pinterne, Kovacs Marta"]
[Result "1-0"]
[WhiteElo "2303"]
[BlackElo "2149"]
[PlyCount "167"]
[EventDate "2010.09.12"]
[EventType "team-tourn"]
[EventRounds "11"]
[EventCountry "HUN"]
[SourceTitle "EXT 2012"]
[Source "ChessBase"]
[SourceDate "2011.11.24"]
[SourceVersion "1"]
[SourceVersionDate "2011.11.24"]
[SourceQuality "1"]
[WhiteTeam "Alsoszolnok"]
[BlackTeam "Spartacus"]
[WhiteTeamCountry "HUN"]
[BlackTeamCountry "HUN"]

1. e4 g6 2. d4 Bg7 3. Nf3 d6 4. Bd3 Nd7 5. c3 e6 6. Bg5 f6 7. Be3 Nh6 8. h4 Qe7 9. Nbd2 Ng4 10. h5 Nxe3 11. fxe3 Nb6 12. hxg6 hxg6 13. Rxh8+ Bxh8 14. Qe2 e5 15. 0-0-0 Bg4 16. Qf2 0-0-0 17. Qh4 Bd7 18. Qg3 Qf7 19. b3 exd4 20. cxd4 f5 21. Nh4 fxe4 22. Bxe4 g5 23. Qxg5 Rg8 24. Ng6 Bf6 25. Qh5 d5 26. Bd3 Qg7 27. Rf1 Kb8 28. Qf3 Bxd4 29. exd4 Qxd4 30. Bb1 a5 31. Qd3 Qc5+ 32. Qc2 Qa3+ 33. Qb2 Qc5+ 34. Qc2 Qa3+ 35. Kd1 Bg4+ 36. Nf3 d4 37. Nf4 Qd6 38. Qd2 Rf8 39. Ne2 c5 40. Be4 Re8 41. Bd3 Nd5 42. Kc1 Ne3 43. Rg1 a4 44. Kb1 axb3 45. axb3 Qb6 46. Qb2 Be6 47. Nd2 Bd5 48. g3 Qh6 49. Rc1 Rc8 50. Nxd4 cxd4 51. Rxc8+ Kxc8 52. Qxd4 Bc6 53. Kb2 Nd5 54. Bf5+ Kb8 55. Be4 Qg5 56. Nc4 Qg4 57. Qe5+ Nc7 58. Bxc6 bxc6 59. Na5 Qf3 60. Qc3 Qe2+ 61. Kb1 Qe4+ 62. Kc1 Qh1+ 63. Kb2 Qg2+ 64. Qc2 Qxg3 65. Nxc6+ Kb7 66. Na5+ Kb8 67. Qc5 Qg7+ 68. Ka2 Qg2+ 69. Ka3 Qd5 70. Qb6+ Kc8 71. Nc4 Kd7 72. Qf2 Nb5+ 73. Kb4 Ke7 74. Qe3+ Kf7 75. Qf4+ Ke7 76. Qh4+ Kf7 77. Qh7+ Kf6 78. Qh8+ Kf7 79. Ne5+ Ke6 80. Qg8+ Kxe5 81. Qxd5+ Kxd5 82. Kxb5 Kd6 83. Kb6 Kd7 84. Kb7 1-0

[Event "HUN-chT2 Szechenyi 1011"]
[Site "Hungary"]
[Date "2010.11.07"]
[Round "5.3"]
[White "Pinterne, Kovacs Marta"]
[Black "Sardy, Peter"]
[Result "1-0"]
[WhiteElo "2149"]
[BlackElo "2319"]
[PlyCount "72"]
[EventDate "2010.09.12"]
[EventType "team-tourn"]
[EventRounds "11"]
[EventCountry "HUN"]
[SourceTitle "EXT 2012"]
[Source "ChessBase"]
[SourceDate "2011.11.24"]
[SourceVersion "1"]
[SourceVersionDate "2011.11.24"]
[SourceQuality "1"]
[WhiteTeam "Spartacus"]
[BlackTeam "Lovo"]
[WhiteTeamCountry "HUN"]
[BlackTeamCountry "HUN"]

1. d4 d6 2. Nf3 g6 3. h3 Bg7 4. Bf4 c5 5. c3 Qb6 6. Qd2 Nf6 7. e3 Nc6 8. Na3 0-0 9. Nc4 Qd8 10. a4 d5 11. Nce5 Na5 12. Qc2 c4 13. g4 Nd7 14. Nxd7 Bxd7 15. Nd2 f6 16. Bg2 Bc6 17. b4 cxb3 18. Nxb3 e5 19. Bg3 Rc8 20. 0-0 e4 21. Nxa5 Qxa5 22. Qb3 Kh8 23. Rfc1 f5 24. g5 h6 25. h4 Kh7 26. Bf1 Rfd8 27. Bf4 Bf8 28. c4 Bb4 29. cxd5 Bxd5 30. Bc4 b5 31. Bxd5 Rxc1+ 32. Rxc1 bxa4 33. Qb1 Rxd5 34. Rc7+ Kh8 35. gxh6 a3 36. Qa2 Bd6 1-0

[Event "HUN-chT2 Szechenyi 1011"]
[Site "Hungary"]
[Date "2010.10.10"]
[Round "3.2"]
[White "Nagy, Kristof"]
[Black "Pinterne, Kovacs Marta"]
[Result "1/2-1/2"]
[WhiteElo "1962"]
[BlackElo "2149"]
[PlyCount "62"]
[EventDate "2010.09.12"]
[EventType "team-tourn"]
[EventRounds "11"]
[EventCountry "HUN"]
[SourceTitle "EXT 2012"]
[Source "ChessBase"]
[SourceDate "2011.11.24"]
[SourceVersion "1"]
[SourceVersionDate "2011.11.24"]
[SourceQuality "1"]
[WhiteTeam "Baki Agrocentrum"]
[BlackTeam "Spartacus"]
[WhiteTeamCountry "HUN"]
[BlackTeamCountry "HUN"]

1. e4 c5 2. Nc3 Nc6 3. f4 g6 4. g3 Bg7 5. Bg2 e6 6. d3 Nge7 7. Nf3 d6 8. 0-0 0-0 9. Be3 Nd4 10. Qd2 Qd7 11. Nd1 b6 12. c3 Nxf3+ 13. Bxf3 Bb7 14. Bg2 f5 15. Nf2 Rae8 16. d4 fxe4 17. Nxe4 cxd4 18. Bxd4 Bxd4+ 19. Qxd4 Bxe4 20. Bxe4 Nf5 21. Bxf5 Rxf5 22. Rad1 Rd5 23. Qb4 Qc6 24. c4 Rc5 25. b3 a5 26. Qd2 d5 27. cxd5 Rxd5 28. Qg2 Qc5+ 29. Kh1 Red8 30. Rxd5 Qxd5 31. Qxd5 Rxd5 1/2-1/2

[Event "HUN-ch (Women)"]
[Site "Nagykanizsa"]
[Date "2010.05.21"]
[Round "7"]
[White "Pinterne, Kovacs Marta"]
[Black "Goczo, Melinda"]
[Result "1/2-1/2"]
[WhiteElo "2139"]
[BlackElo "2234"]
[PlyCount "152"]
[EventDate "2010.05.14"]
[EventType "tourn"]
[EventRounds "9"]
[EventCountry "HUN"]
[SourceTitle "CBM 136 Extra"]
[Source "ChessBase"]
[SourceDate "2010.07.02"]
[SourceVersion "2"]
[SourceVersionDate "2010.07.15"]
[SourceQuality "1"]

1. d4 Nf6 2. Nf3 e6 3. Bg5 c5 4. c3 b6 5. Nbd2 Bb7 6. e3 Be7 7. Bd3 cxd4 8. exd4 0-0 9. Bxf6 Bxf6 10. 0-0 d6 11. Qe2 Nd7 12. Be4 Qc7 13. Bxb7 Qxb7 14. Ne4 Be7 15. Ng3 Rfe8 16. Nd2 Nf6 17. f4 Bf8 18. Qd3 g6 19. Nge4 Nxe4 20. Nxe4 Be7 21. Rae1 d5 22. Ng5 Bf8 23. Re3 h6 24. Nf3 b5 25. a3 a5 26. Ne5 b4 27. axb4 axb4 28. h4 Qa6 29. Qd1 bxc3 30. bxc3 Qb7 31. h5 gxh5 32. Qxh5 Bg7 33. Rg3 Kf8 34. Ng4 Ra3 35. Rgf3 f5 36. Nxh6 Rxc3 37. Kh2 Rxf3 38. Rxf3 Bxh6 39. Qxh6+ Qg7 40. Qxg7+ Kxg7 41. Kg3 Ra8 42. Rd3 Kf6 43. Kf3 Ra1 44. Kf2 Ke7 45. g3 Kd6 46. Rd2 Rh1 47. Rd3 Rh2+ 48. Kf3 Rh1 49. Kf2 Ra1 50. Rd2 Ra4 51. Kf3 Kc6 52. Re2 Kd7 53. Rd2 Ke7 54. Rd3 Kf6 55. Kf2 Ra2+ 56. Kf3 Ra1 57. Kf2 Rh1 58. Ke2 Rh2+ 59. Kf3 Ke7 60. Rd1 Kd6 61. Rd3 Rh1 62. Kf2 Rc1 63. Rd2 Rc4 64. Rd3 Kc7 65. Re3 Rc6 66. Rb3 Rc4 67. Re3 Kd7 68. Rd3 Ke7 69. Kf3 Kf6 70. Kf2 Kg6 71. Re3 Rc6 72. Kf3 Kh5 73. Rd3 Rc1 74. Re3 Rc6 75. Rd3 Rc4 76. Re3 Rc6 1/2-1/2

[Event "HUN-ch (Women)"]
[Site "Nagykanizsa"]
[Date "2010.05.17"]
[Round "4"]
[White "Kovacs, Klara"]
[Black "Pinterne, Kovacs Marta"]
[Result "1/2-1/2"]
[WhiteElo "2223"]
[BlackElo "2139"]
[PlyCount "111"]
[EventDate "2010.05.14"]
[EventType "tourn"]
[EventRounds "9"]
[EventCountry "HUN"]
[SourceTitle "CBM 136 Extra"]
[Source "ChessBase"]
[SourceDate "2010.07.02"]
[SourceVersion "2"]
[SourceVersionDate "2010.07.15"]
[SourceQuality "1"]

1. e4 c5 2. Nf3 a6 3. c3 d6 4. d4 Nd7 5. Bc4 e6 6. 0-0 b5 7. Bb3 Bb7 8. Ng5 c4 9. Bc2 Ngf6 10. f4 h6 11. Nxe6 fxe6 12. e5 Qe7 13. Bg6+ Kd8 14. exf6 gxf6 15. Re1 Rg8 16. Be4 Bxe4 17. Rxe4 f5 18. Re1 Nf6 19. a4 Qb7 20. d5 Nxd5 21. Qf3 Kd7 22. axb5 axb5 23. Rxa8 Qxa8 24. Na3 Qc6 25. Nc2 Bg7 26. Kh1 Bf6 27. Qe2 Nc7 28. Ne3 Nd5 29. Nxf5 e5 30. fxe5 Bxe5 31. Nd4 Qb7 32. Qf3 Re8 33. Qf5+ Kc7 34. Qg6 Re7 35. Nf5 Rd7 36. Bxh6 b4 37. Qg4 bxc3 38. Qxc4+ Qc6 39. Qxc6+ Kxc6 40. bxc3 Nxc3 41. g4 Kd5 42. g5 Ke6 43. Ne3 Kf7 44. h4 Bg3 45. Rf1+ Kg6 46. Nf5 Be5 47. Kg2 Ne4 48. Kh3 Kh5 49. Ne3 Rb7 50. Rf3 Rb2 51. Ng4 Bd4 52. Nf6+ Nxf6 53. gxf6 Kxh6 54. f7 Bg7 55. f8Q Bxf8 56. Rxf8 1/2-1/2

[Event "HUN-ch (Women)"]
[Site "Nagykanizsa"]
[Date "2010.05.16"]
[Round "3"]
[White "Pinterne, Kovacs Marta"]
[Black "Rudolf, Anna"]
[Result "0-1"]
[WhiteElo "2139"]
[BlackElo "2344"]
[PlyCount "162"]
[EventDate "2010.05.14"]
[EventType "tourn"]
[EventRounds "9"]
[EventCountry "HUN"]
[SourceTitle "CBM 136 Extra"]
[Source "ChessBase"]
[SourceDate "2010.07.02"]
[SourceVersion "2"]
[SourceVersionDate "2010.07.15"]
[SourceQuality "1"]

1. d4 e6 2. Nf3 Nf6 3. Bg5 c5 4. c3 h6 5. Bh4 b6 6. Nbd2 Bb7 7. e3 Be7 8. Bd3 0-0 9. 0-0 Nc6 10. Qe2 cxd4 11. Nxd4 Nxd4 12. exd4 Nd5 13. Bxe7 Qxe7 14. f4 f5 15. Rae1 Rf6 16. Nc4 Raf8 17. Ne3 Qd6 18. Nxd5 Bxd5 19. Rf2 Qc7 20. c4 Bb7 21. Qe3 R8f7 22. b4 Qd8 23. Be2 g5 24. Bf3 Bxf3 25. Qxf3 Rg7 26. fxg5 hxg5 27. d5 Qc7 28. dxe6 dxe6 29. Qa8+ Kh7 30. Qe8 Qxc4 31. Rfe2 Qd4+ 32. Kh1 Qxb4 33. Rxe6 Rxe6 34. Qxe6 Qf4 35. Kg1 Rc7 36. Rf1 Qd4+ 37. Kh1 Qf2 38. Rd1 Rg7 39. h3 g4 40. hxg4 Qh4+ 41. Kg1 Qxg4 42. Rd2 Qg6 43. Qd5 Re7 44. Rd3 Kg7 45. Rf3 Qg5 46. Qxf5 Re1+ 47. Kh2 Qxf5 48. Rxf5 Ra1 49. Rf2 b5 50. Rc2 a5 51. g4 a4 52. Rb2 a3 53. Rxb5 Rxa2+ 54. Kg3 Rb2 55. Ra5 a2 56. Kf4 Rb4+ 57. Kf5 Rb5+ 58. Rxb5 a1Q 59. Re5 Qf1+ 60. Ke6 Qf6+ 61. Kd5 Qf3+ 62. Re4 Kf6 63. Kd4 Kg6 64. Ke5 Kg5 65. Kd4 Kf6 66. Kd5 Qd3+ 67. Rd4 Qb1 68. Rf4+ Ke7 69. Re4+ Kd7 70. Ke5 Qf1 71. g5 Qf7 72. Rd4+ Ke7 73. Rd5 Qg8 74. Kd4 Qh8+ 75. Ke4 Ke6 76. Rb5 Qh7+ 77. Kd4 Qa7+ 78. Kc4 Kd6 79. g6 Qa4+ 80. Rb4 Qc2+ 81. Kd4 Qc5+ 0-1

[Event "HUN-ch (Women)"]
[Site "Nagykanizsa"]
[Date "2010.05.15"]
[Round "2"]
[White "Lakos, Nikoletta"]
[Black "Pinterne, Kovacs Marta"]
[Result "1-0"]
[WhiteElo "2289"]
[BlackElo "2139"]
[PlyCount "60"]
[EventDate "2010.05.14"]
[EventType "tourn"]
[EventRounds "9"]
[EventCountry "HUN"]
[SourceTitle "CBM 136 Extra"]
[Source "ChessBase"]
[SourceDate "2010.07.02"]
[SourceVersion "2"]
[SourceVersionDate "2010.07.15"]
[SourceQuality "1"]

1. e4 c5 2. Nf3 d6 3. d4 cxd4 4. Nxd4 Nf6 5. Nc3 a6 6. Bc4 e6 7. Bb3 Be7 8. g4 h6 9. Be3 b5 10. f3 Bd7 11. Qd2 Nc6 12. 0-0-0 Ne5 13. a3 Nc4 14. Bxc4 bxc4 15. Kb1 Rb8 16. Ka2 Qc7 17. h4 Bf8 18. g5 Ng8 19. f4 Ne7 20. f5 hxg5 21. fxe6 fxe6 22. hxg5 Rxh1 23. Rxh1 Qb7 24. Rb1 d5 25. Bf4 Rc8 26. Qh2 dxe4 27. Bd6 e3 28. Rf1 e2 29. Rxf8+ Kxf8 30. g6 Ke8 1-0